000 00820nam a2200229 a 4500
003 0
005 20250301084004.0
008 100902s19uu xx 00 eng d
050 _aPGS BF 412.R4
_b.B139 2010
100 _aBaeg, Yuna.
245 _aReligion and belief in mystery pictures /
_cYuna Baeg.
260 _aLas PiƱas City, Philippines :
_bSouthville International School and Colleges,
_c2010.
300 _a23 pages :
_billustrations ;
_c28 cm.
504 _aIncludes bibliographical references.
650 _aVisual perception
_vReligious aspects.
650 _aOptical illusions
_vReligious aspects.
650 _aComparative religion
_vChildren.
650 _aReligious symbolism.
650 _aFaith development in children.
650 _aImagery (Psychology) and religion.
942 _2lcc
_cPASS
999 _c98340
_d98340